000
00376nam a2200181Ia 4500
003
0STCL
008
150530s9999 xx 000 0 und d
040
_a
STCL
_c
STCL
100
_a
Herman Melville
245
_a
Moby Dick
250
_a
1
260
_c
2006
_a
New Delhi
300
_a
0
546
_a
Hindi
942
_2
ddc
_c
BK
999
_c
64351
_d
64351
005
20220125171242.0